Drucker's lost art of management . (Record no. 350282)
[ view plain ]
| 000 -LEADER | |
|---|---|
| fixed length control field | 01630cam a2200325 a 4500 |
| 001 - CONTROL NUMBER | |
| control field | 16543070 |
| 003 - CONTROL NUMBER IDENTIFIER | |
| control field | OSt |
| 005 - DATE AND TIME OF LATEST TRANSACTION | |
| control field | 20180116183011.0 |
| 008 - FIXED-LENGTH DATA ELEMENTS--GENERAL INFORMATION | |
| fixed length control field | 101118s2011 nyu b 001 0 eng |
| 010 ## - LIBRARY OF CONGRESS CONTROL NUMBER | |
| LC control number | 2010047473 |
| 020 ## - INTERNATIONAL STANDARD BOOK NUMBER | |
| International Standard Book Number | 9780071765817 (alk. paper) |
| 040 ## - CATALOGING SOURCE | |
| Original cataloging agency | DLC |
| Transcribing agency | DLC |
| Modifying agency | DLC |
| 050 00 - LIBRARY OF CONGRESS CALL NUMBER | |
| Classification number | HD31 |
| Item number | .M28134 2011 |
| 082 00 - DEWEY DECIMAL CLASSIFICATION NUMBER | |
| Classification number | 658 |
| Edition number | 22 |
| 100 1# - MAIN ENTRY--PERSONAL NAME | |
| Personal name | Maciariello, Joseph A. |
| 245 10 - TITLE STATEMENT | |
| Title | Drucker's lost art of management . |
| Remainder of title | Peter Drucker's timeless vision for building effective organizations . |
| Statement of responsibility, etc. | Joseph A. Maciariello, Karen E. Linkletter. |
| 260 ## - PUBLICATION, DISTRIBUTION, ETC. | |
| Place of publication, distribution, etc. | New York . |
| Name of publisher, distributor, etc. | McGraw-Hill. |
| Date of publication, distribution, etc. | 2011. |
| 300 ## - PHYSICAL DESCRIPTION | |
| Extent | viii, 456 p. ; |
| Dimensions | 24 cm. |
| 500 ## - GENERAL NOTE | |
| General note | Paper Cover |
| 504 ## - BIBLIOGRAPHY, ETC. NOTE | |
| Bibliography, etc. note | Includes bibliographical references (p. 409-440) and index. |
| 505 0# - FORMATTED CONTENTS NOTE | |
| Formatted contents note | Origins of management as a liberal art in Peter Drucker's writings -- Management and liberal arts traditions : bridging the two worlds -- Contributions of management as a liberal art -- Federalism and the distribution of power and authority -- The human dimension and management as a liberal art -- Effective leadership as a liberal art -- Social ecology and the practice of management as a liberal art -- Applied social ecology : innovation and change for a hopeful and bearable society. |
| 600 10 - SUBJECT ADDED ENTRY--PERSONAL NAME | |
| Personal name | Drucker, Peter F. |
| Fuller form of name | (Peter Ferdinand), |
| Dates associated with a name | 1909-2005. |
| 650 #0 - SUBJECT ADDED ENTRY--TOPICAL TERM | |
| Topical term or geographic name entry element | Management. |
| 650 #0 - SUBJECT ADDED ENTRY--TOPICAL TERM | |
| Topical term or geographic name entry element | Social ecology. |
| 650 #0 - SUBJECT ADDED ENTRY--TOPICAL TERM | |
| Topical term or geographic name entry element | Leadership. |
| 700 1# - ADDED ENTRY--PERSONAL NAME | |
| Personal name | Linkletter, Karen E. |
| 906 ## - LOCAL DATA ELEMENT F, LDF (RLIN) | |
| a | 7 |
| b | cbc |
| c | orignew |
| d | 1 |
| e | ecip |
| f | 20 |
| g | y-gencatlg |
| 942 ## - ADDED ENTRY ELEMENTS (KOHA) | |
| Source of classification or shelving scheme | |
| Koha item type | Book |
| Call number prefix | 658 |
| Withdrawn status | Lost status | Source of classification or shelving scheme | Damaged status | Not for loan | Collection code | Permanent Location | Current Location | Shelving location | Date acquired | Total Checkouts | Full call number | Barcode | Date last seen | Price effective from | Koha item type |
|---|---|---|---|---|---|---|---|---|---|---|---|---|---|---|---|
| Central Library (CL) | Central Library (CL) | General Stacks | 09/08/2015 | 658 MAC | NBS9397 | 09/08/2015 | 09/08/2015 | Book |
